Captain Underpants and the big, bad battle of the Bionic Booger Boy, part 1 : (Record no. 48292)
| 000 -LEADER | |
|---|---|
| fixed length control field | 00591nam a2200145 4500 |
| 020 ## - INTERNATIONAL STANDARD BOOK NUMBER | |
| International Standard Book Number | 9781338271492 |
| 020 ## - INTERNATIONAL STANDARD BOOK NUMBER | |
| International Standard Book Number | 1338271490 |
| 100 1# - MAIN ENTRY--PERSONAL NAME | |
| Personal name | Pilkey, Dav, |
| Relator term | author, |
| -- | illustrator. |
| 9 (RLIN) | 56311 |
| 245 10 - TITLE STATEMENT | |
| Title | Captain Underpants and the big, bad battle of the Bionic Booger Boy, part 1 : |
| Remainder of title | the night of the nasty nostril nuggets / |
| Statement of responsibility, etc | the sixth epic novel by Dav Pilkey ; with color by Jose Garibaldi. |
| 250 ## - EDITION STATEMENT | |
| Edition statement | First color edition. |
| 260 ## - PUBLICATION, DISTRIBUTION, ETC. (IMPRINT) | |
| Place of publication, distribution, etc | New York : |
| Name of publisher, distributor, etc | Scholastic ; |
| Date of publication, distribution, etc | 2020. |
| 300 ## - PHYSICAL DESCRIPTION | |
| Extent | 173 pages : |
| Other physical details | color illustrations ; |
| Dimensions | 22 cm. |
| 700 ## - ADDED ENTRY--PERSONAL NAME | |
| Personal name | Garibaldi, Jose, |
| Relator term | colourist. |
| 9 (RLIN) | 86002 |
| 942 ## - ADDED ENTRY ELEMENTS (KOHA) | |
| Source of classification or shelving scheme | |
No items available.